000 00359cam a2200145ua 4500
041 _aeng
_h
082 _a823.308
_bMAU/AR
100 _aMaurois, Andre .
245 _aAriel: A shelley romance /
_cAndre maurois.
_hTextual Documents
260 _aLondon :
_bThe bodly head ,
_c1961.
300 _a264 ; .
504 _a
942 _cBK
999 _c4726
_d4726